| 000 | 00822aam a2200265 a 4500 | ||
|---|---|---|---|
| 001 | 000018928 | ||
| 003 | DO-SdBNP | ||
| 005 | 20250307073709.0 | ||
| 008 | 990212s1994 cu b 000 0 spa d | ||
| 040 |
_aDO-SdBNP _bspa _cDO-SdBNP _erda |
||
| 041 | _hspa | ||
| 082 | 4 | _bD948l | |
| 100 | 1 |
_aDurán, Diony, _d1947- _940737 |
|
| 245 | 1 | 0 |
_aLiteratura y sociedad en la obra de Pedro Henríquez Ureña / _cDiony Durán. |
| 264 |
_aLa Habana, Cuba : _c1994. |
||
| 300 |
_a317 páginas ; _c18 cm. |
||
| 336 |
_atexto _btxt _2rdacontent |
||
| 337 |
_asin mediación _bn _2rdacontent |
||
| 338 |
_avolumen _bnc _2rdacarrier |
||
| 490 | 1 | _aEnsayo | |
| 490 | 1 | _aGiraldilla | |
| 504 | _aBibliografía : (p. 300-317) | ||
| 600 | 1 | 0 |
_aHenríquez Ureña, Pedro, _d1884-1946 _xCritica e interpretación _91718 |
| 942 |
_2ddc _cLBS1 |
||
| 999 |
_c18446 _d18446 |
||